000 00836cam a2200241 4500
001 J1611
008 090401t1993 xxu||||| |||| 00| 0 eng d
035 _a(Sirsi) u44446
041 _aeng
110 _aEurope
_bEuropean Communities Commission
_9698
245 _aCommission Regulation (EEC) No 334/93 of 15 February 1993 laying down detailed implementing rules for the use of land set aside for the provision of materials for the manufacture within the Community of products not primarily intended for human or animal consumption.
260 _c1993
300 _a(9)p. ; 30cm.
350 _a0
490 _aRegulation (EEC)
_v334/93
650 _aEC REGULATIONS
650 _aEUROPEAN COMMUNITY
650 _aRAW MATERIALS
650 _aSET-ASIDE
690 _aEUROPE-SINGLE MARKET
942 _n0
948 _c04/03/1997
999 _c91531
_d91531